मनोविज्ञान के सम्प्रदाय / (Record no. 112091)

MARC details
000 -LEADER
fixed length control field 01121nam a22002657a 4500
005 - DATE AND TIME OF LATEST TRANSACTION
control field 20170124102933.0
010 ## - LIBRARY OF CONGRESS CONTROL NUMBER
LC control number 513120
020 ## - INTERNATIONAL STANDARD BOOK NUMBER
Terms of availability 4.00
035 ## - SYSTEM CONTROL NUMBER
System control number 513120
037 ## - SOURCE OF ACQUISITION
Source of stock number/acquisition Cen Lib/Ret
040 ## - CATALOGING SOURCE
Original cataloging agency DPL
Language of cataloging HN
082 ## - DEWEY DECIMAL CLASSIFICATION NUMBER
Classification number 150
Item number वर्मारा
100 ## - MAIN ENTRY--PERSONAL NAME
Personal name वर्मा, रामपालसिंह
9 (RLIN) 9690
245 ## - TITLE STATEMENT
Title मनोविज्ञान के सम्प्रदाय /
Statement of responsibility, etc रामपालसिंह वर्मा
246 ## - VARYING FORM OF TITLE
Title proper/short title Manovigyan ke sampradaye /
Remainder of title by Rampalsingh Verma
260 ## - PUBLICATION, DISTRIBUTION, ETC. (IMPRINT)
Name of publisher, distributor, etc विनोद पुस्तक मंदिर
Place of publication, distribution, etc आगरा
Date of publication, distribution, etc 1968
270 ## - ADDRESS
Address रांगेय राघव मार्ग
City आगरा
300 ## - PHYSICAL DESCRIPTION
Extent 164पृ.
Dimensions 20सेमी (सजिल्द)
500 ## - GENERAL NOTE
General note ग्रन्थ सूची शामिल
650 ## - SUBJECT ADDED ENTRY--TOPICAL TERM
Topical term or geographic name as entry element मनोविज्ञान
9 (RLIN) 45826
650 ## - SUBJECT ADDED ENTRY--TOPICAL TERM
Topical term or geographic name as entry element विश्लेष्णात्मक मनोविज्ञान
9 (RLIN) 44878
650 ## - SUBJECT ADDED ENTRY--TOPICAL TERM
Topical term or geographic name as entry element Psychology
9 (RLIN) 45827
650 ## - SUBJECT ADDED ENTRY--TOPICAL TERM
Topical term or geographic name as entry element Analytical Psychology
9 (RLIN) 45828
942 ## - ADDED ENTRY ELEMENTS (KOHA)
Source of classification or shelving scheme Dewey Decimal Classification
Koha item type Hindi Books
Classification part 150
Call number suffix वर्मारा
Holdings
Withdrawn status Lost status Damaged status Not for loan Home library Current library Date acquired Source of acquisition Cost, normal purchase price Total Checkouts Total Renewals Full call number Barcode Date last seen Date checked out Copy number Cost, replacement price Price effective from Koha item type
        Central Library Central Library 06/08/2015 Cen Lib/Ret 4.00 7 1 150 वर्मारा 513120 08/01/2025 14/12/2024 1 4.00 06/08/2015 Hindi Books

© Delhi Public Library
Hit Counter
free hit counter